000 00890nam a2200253Ia 4500
003 OSt
005 20220926005213.0
006 a|||||r|||| 00| 0
007 ta
008 220923b |||||||| |||| 00| 0 eng d
020 _a8178299501
_c675.75
037 _bRBC-12487/2008-09, 23/03/2009, RESEARCHCO BOOK CENTRE
_cGeneral Book
040 _aRTL
_cRTL
_beng
041 _2eng
_aeng
082 _aX6:75.2.Pt4, P9/TD
100 _aINDIA, PLANNING COMMISSION.
245 0 _aHundred small steps
_b Report of the committee on financial sector reforms.
260 _a New Delhi
_bSage Publications
_c2009
300 _axiv,192p.
_ccm.
500 _aBibliography: Chapterwise.
650 _aEconomics
942 _hX6:75.2.Pt4, P9/TD
_cGB
_2CC
999 _c613153
_d613153